Every D1 NCAA College in Louisiana - Statistics

General Stats
  • This quiz has been taken 23 times
  • The average score is 7 of 10
Answer Stats
Hint Answer % Correct
Cajuns Louisiana (Lafayette)
100%
Tigers LSU
100%
Green Wave Tulane
90%
Warhawks Louisiana (Monroe)
86%
Bulldogs Louisiana Tech
67%
Lions Southeastern Louisiana
57%
Cowboys McNeese St
52%
Jaguars Southern
52%
Tigers Grambling St
48%
Colonels Nicholls St
48%
No matching quizzes found
Score Distribution
Percent of People with Each Score
Percentile by Number Answered
Your Score History
You have not taken this quiz